Biochemical engineering fundamentals

Guardat en:
Dades bibliogràfiques
Autors principals: Bailey, James Edwin (Autor), Ollis, David F (Autor)
Format: Llibre
Idioma:anglès
Publicat: Nueva York McGraw-Hill 1986
Edició:2a. ed
Col·lecció:Chemical Engineering Series
Matèries:
Etiquetes: Afegir etiqueta
Sense etiquetes, Sigues el primer a etiquetar aquest registre!

MARC

LEADER 00000nam a2200000 a 4500
001 UCV6024
003 CL-VaPUC
008 880704e19860000US |||||||||||||||||eng|d
082 0 4 |a 660.63  |b BAI  |2 21 
100 0 |a Bailey, James Edwin  |e author  |9 300249 
700 0 |a Ollis, David F  |e author  |9 300250 
245 1 0 |a Biochemical engineering fundamentals 
250 |a 2a. ed 
300 |a 984 p 
942 |c BK 
945 |d 19880704 00:00:00 
260 |a Nueva York  |b McGraw-Hill  |c 1986 
650 0 |a Ingeniería bioquímica   |9 260241 
583 |a last modification  |c 19880704 00:00:00  |k Rodrigo Vera 
490 0 |a Chemical Engineering Series 
999 |c 212284  |d 212282 
952 |0 0  |1 0  |4 0  |6 660_630000000000000_BAI_1986  |7 0  |8 A  |9 192934  |a BIBING  |b BIBING  |d 2019-11-14  |i 2605929  |o 660.63 BAI 1986  |p 2605929  |r 2025-01-20  |w 2019-11-14  |y BK  |k EIB 
952 |0 0  |1 0  |4 0  |6 660_630000000000000_BAI_1986  |7 0  |8 A  |9 192935  |a BIBING  |b BIBING  |d 2019-11-14  |i 2605937  |o 660.63 BAI 1986  |p 2605937  |r 2025-01-20  |w 2019-11-14  |y BK  |k EIB 
952 |0 0  |1 0  |4 0  |6 660_630000000000000_BAI_1986  |7 0  |8 A  |9 192936  |a BIBING  |b BIBING  |d 2019-11-14  |i 2605945  |o 660.63 BAI 1986  |p 2605945  |r 2025-01-20  |w 2019-11-14  |y BK  |k EIB 
952 |0 0  |1 0  |4 0  |6 660_630000000000000_BAI_1986  |7 0  |8 A  |9 192937  |a BIBING  |b BIBING  |d 2019-11-14  |i 3183165  |l 1  |o 660.63 BAI 1986  |p 3183165  |r 2025-01-20  |s 2023-05-25  |w 2019-11-14  |y BK  |k EIB 
952 |0 0  |1 0  |4 0  |6 660_630000000000000_BAI_1986  |7 0  |8 A  |9 192938  |a BIBING  |b BIBING  |d 2019-11-14  |i 3633020  |l 1  |o 660.63 BAI 1986  |p 3633020  |r 2025-01-20  |s 2023-07-06  |w 2019-11-14  |y BK  |k ING